Анализ представленности компетенций в действующих государственных образовательных стандартах высшего профессионального образования (Запись № 1267506)

Подробности
000 -МАРКЕР
контрольное поле 02706nam0a2200349 4500
001 - ИДЕНТИФИКАТОР ЗАПИСИ
контрольное поле RU\NLR\bibl\826504
005 - ИДЕНТИФИКАТОР ВЕРСИИ
контрольное поле 20260407120327.0
021 ## - НОМЕР ГОСУДАРСТВЕННОЙ РЕГИСТРАЦИИ
Код страны Российская Федерация
Номер 2005-35787
Номер Листа государственной регистраци 1782
035 ## - ДРУГИЕ СИСТЕМНЫЕ НОМЕРА
Идентификатор записи (NLR Aleph) 000815401
100 ## - ДАННЫЕ ОБЩЕЙ ОБРАБОТКИ
Данные общей обработки 20050802d2005 |||y0rusy50 ca
101 0# - ЯЗЫК РЕСУРСА
Язык текста, звукозаписи и т.д. русский
102 ## - СТРАНА ПУБЛИКАЦИИ ИЛИ ПРОИЗВОДСТВА
Страна публикации Российская Федерация
105 ## - ПОЛЕ КОДИРОВАННЫХ ДАННЫХ: ТЕКСТОВЫЕ МАТЕРИАЛЫ, МОНОГРАФИЧЕСКИЕ
Кодированные данные о монографическом текстовом документе y |||||||||
200 1# - ЗАГЛАВИЕ И СВЕДЕНИЯ ОБ ОТВЕТСТВЕННОСТИ
Основное заглавие Анализ представленности компетенций в действующих государственных образовательных стандартах высшего профессионального образования
Сведения, относящиеся к заглавию материалы XV Всероссийской научно-методической конференции "Актуальные проблемы качества образования и пути их решения в контексте европейских и мировых тенденций"
Первые сведения об ответственности В.Г. Казанович, В.Л. Кошелева, Г.П. Савельева, Л.С. Самощенко
210 ## - ПУБЛИКАЦИЯ, РАСПРОСТРАНЕНИЕ И ДР.
Место издания, распространения и т.д. Москва
-- Уфа
Имя издателя, распространителя и т. д. Исследовательский центр проблем качества подготовки специалистов
Дата издания, распространения и т.д. 2005
215 ## - ФИЗИЧЕСКАЯ ХАРАКТЕРИСТИКА
Специфическое обозначение материала и объем 37 с.
Размеры 21
300 ## - ОБЩИЕ ПРИМЕЧАНИЯ
Текст примечания На обл. также загл.: Проблемы качества образования
300 ## - ОБЩИЕ ПРИМЕЧАНИЯ
Текст примечания В надзаг.: М-во образования и науки Рос. Федерации, Федер. агентство по образованию, Исслед. центр пробл. качества подгот. специалистов Моск. гос. ин-та стали и сплавов (технол. ун-та), Уфим. гос. авиац. техн. ун-т
605 ## - ЗАГЛАВИЕ КАК ПРЕДМЕТ
Начальный элемент ввода Проблемы качества образования
Код системы psbo
606 1# - НАИМЕНОВАНИЕ ТЕМЫ КАК ПРЕДМЕТ
Наименование темы Высшее образование
Формальный подзаголовок Съезды, совещания и т.п.
Тематический подзаголовок Образовательные стандарты
Географический подзаголовок Российская Федерация
Системный номер авторитетной/нормативной записи 1746714
Идентификатор авторитетной/нормативной записи RU\NLR\auth\661077868
686 ## - ИНДЕКСЫ ДРУГИХ КЛАССИФИКАЦИЙ
Индекс Ч484(2Р)я431
701 #1 - ИМЯ ЛИЦА - АЛЬТЕРНАТИВНАЯ ОТВЕТСТВЕННОСТЬ
Начальный элемент ввода Казанович
Часть имени, кроме начального элемента ввода В. Г.
Расширение инициалов личного имени Виктор Григорьевич
Код отношения Автор
701 #1 - ИМЯ ЛИЦА - АЛЬТЕРНАТИВНАЯ ОТВЕТСТВЕННОСТЬ
Начальный элемент ввода Кошелева
Часть имени, кроме начального элемента ввода В. Л.
Код отношения Автор
701 #1 - ИМЯ ЛИЦА - АЛЬТЕРНАТИВНАЯ ОТВЕТСТВЕННОСТЬ
Начальный элемент ввода Савельева
Часть имени, кроме начального элемента ввода Г. П.
Расширение инициалов личного имени Галина Павловна
Код отношения Автор
701 #1 - ИМЯ ЛИЦА - АЛЬТЕРНАТИВНАЯ ОТВЕТСТВЕННОСТЬ
Начальный элемент ввода Самощенко
Часть имени, кроме начального элемента ввода Л. С.
Код отношения Автор
711 12 - НАИМЕНОВАНИЕ ОРГАНИЗАЦИИ - АЛЬТЕРНАТИВНАЯ ОТВЕТСТВЕННОСТЬ
Код отношения Автор
Начальный элемент ввода "Проблемы качества образования", всероссийская научно-методическая конференция
Порядковый номер временной организации и / или порядковый номер ее части 15
Дата проведения временной организации 2005
Место проведения временной организации Москва/Уфа
Идентификатор авторитетной/нормативной записи RU\NLR\AUTH\8810068791
Системный номер авторитетной/нормативной записи 639203
801 #0 - ИСТОЧНИК ЗАПИСИ
Страна Российская Федерация
Организация NLR
Дата составления 20050802
Правила каталогизации rcr
801 #1 - ИСТОЧНИК ЗАПИСИ
Страна Российская Федерация
Организация NLR
Дата составления 20050802
942 ## - ДОПОЛНИТЕЛЬНЫЕ ЭЛЕМЕНТЫ ЗАПИСИ (АБИС)
Тип экземпляра АБИС Книга
980 ## - КОЛЛЕКЦИЯ
Название коллекции Национальная библиография
Экземпляры
Тип экземпляра Дата поступления Источник поступления Библиотека постоянного хранения Библиотека текущего хранения Место хранения Шифр хранения Штрих-код Статус экземпляра
Книга 02.08.2005 Обязательный экземпляр РНБ (Московский) РНБ (Московский) Русский книжный фонд: издания с 1957 года 2005-4/25919 1-2298985  
Книга 02.08.2005 Обязательный экземпляр РНБ (Московский) РНБ (Московский) Русский книжный фонд: издания с 1957 года 2005-4/25919 967421